animé / manga préféré - Statistiques

Statistiques générales
  • Ce quiz a été pris 469 fois
  • Le résultat moyen est 4 sur 15
Statistiques - réponses
Hint Réponse % Correct
1 One piece
98%
3 Naruto
97%
12 Bleach
71%
11 Fairy tail
37%
5 Death Note
35%
10 HXH
15%
9 Gto
12%
14 Fire Force
8%
4 Re zero
4%
7 Your lie in April
3%
2 FMAB
2%
8 Love is War
1%
6 Samurai Champloo
1%
15 Coboy Bebop
0%
13 Oreigaru
0%
Aucun quiz correspondant
Distribution des résultats
% des personnes avec chaque résultat
Percentile par nombre de réponses
Votre historique - résultats
Vous n’avez pas pris ce quiz